00255nam a2200109Ia 4500008004100000100001000041245001900051260003700070650001400107942000700121999001700128190216s9999||||xx |||||||||||||| ||und|| aV K N 0aAtham Perunnal bMathrubhumi Printing &publishing aMalayalam cBK c26100d26100